عرض عادي
عرض مارك
- Sustainable urban development
مدخل مصطلح موضوعي
001 - رقم الضبط
- حقل الضبط: 17301
003 - معرف رقم الضبط
- حقل الضبط: OSt
005 - تاريخ ووقت أخر عملية
- حقل الضبط: 20120919092217.0
008 - عناصر بيانات ثابتة الطول
- حقل تحكم ثابت الطول: 120919|||a|||||| | ||| d
040 ## - مصدر الفهرسة
- هيئة الفهرسة الأصلية: OSt
- وكالة الكتابة: OSt
150 ## - مدخل-- مصطلح تاريخي
- عنصر مدخل المصطلح الموضوعي او الاسم الجغرافي: Sustainable urban development
- تفريع عام: Computer simulation.
670 ## - بيانات المصدر موجوده
- الاستشهاد بالمصدر: Work cat.: (OSt)0: Computer modelling for sustainable urban design :, 2011.
